<?xml version="1.0" encoding="UTF-8"?>
<record
    xmlns:xsi="http://www.w3.org/2001/XMLSchema-instance"
    xsi:schemaLocation="http://www.loc.gov/MARC21/slim http://www.loc.gov/standards/marcxml/schema/MARC21slim.xsd"
    xmlns="http://www.loc.gov/MARC21/slim">

  <leader>00634nam a2200169 i 4500</leader>
  <controlfield tag="001">20732</controlfield>
  <controlfield tag="003">ES-MaACL</controlfield>
  <controlfield tag="005">20230906152343.0</controlfield>
  <controlfield tag="007">t|</controlfield>
  <controlfield tag="008">021118s1951    cu           ||||1| spa d</controlfield>
  <datafield tag="111" ind1="2" ind2=" ">
    <subfield code="a">Reuni&#xF3;n en Mesa Redonda de Arque&#xF3;logos del Caribe.</subfield>
    <subfield code="9">958</subfield>
  </datafield>
  <datafield tag="245" ind1="1" ind2="0">
    <subfield code="a">Reuni&#xF3;n en Mesa Redonda de Arque&#xF3;logos del Caribe </subfield>
    <subfield code="b">: actas y trabajos.</subfield>
  </datafield>
  <datafield tag="260" ind1=" " ind2=" ">
    <subfield code="a">Cuba : </subfield>
    <subfield code="b">Sociedad Nacional de Actas y Trabajos Arqueolog&#xED;a y Etnolog&#xED;a,</subfield>
    <subfield code="c">1951.</subfield>
  </datafield>
  <datafield tag="300" ind1=" " ind2=" ">
    <subfield code="a">135 p., 14 l&#xE1;m. ; </subfield>
    <subfield code="c">27 cm.</subfield>
  </datafield>
  <datafield tag="710" ind1="1" ind2=" ">
    <subfield code="a">Cuba. </subfield>
    <subfield code="b">Junta Nacional de Actas y Trabajos Arqueolog&#xED;a y Etnolog&#xED;a.</subfield>
    <subfield code="9">3338</subfield>
  </datafield>
  <datafield tag="852" ind1=" " ind2=" ">
    <subfield code="a">ES-MaACL</subfield>
    <subfield code="j">1893-F-20 </subfield>
    <subfield code="b">R.31610</subfield>
  </datafield>
  <datafield tag="999" ind1=" " ind2=" ">
    <subfield code="c">20732</subfield>
    <subfield code="d">20732</subfield>
  </datafield>
  <datafield tag="952" ind1=" " ind2=" ">
    <subfield code="0">0</subfield>
    <subfield code="1">0</subfield>
    <subfield code="4">0</subfield>
    <subfield code="7">0</subfield>
    <subfield code="8">Colecci&#xF3;n_de_folletos</subfield>
    <subfield code="a">ATENEOM</subfield>
    <subfield code="b">ATENEOM</subfield>
    <subfield code="c">DEPOF</subfield>
    <subfield code="d">2008-01-17</subfield>
    <subfield code="e">SC</subfield>
    <subfield code="l">0</subfield>
    <subfield code="o">1893-F-20</subfield>
    <subfield code="p">1021286</subfield>
    <subfield code="r">2023-02-23 00:00:00</subfield>
    <subfield code="w">2023-02-23</subfield>
    <subfield code="y">FOLLETOS</subfield>
  </datafield>
</record>
